000
00198 a2200097 4500
001
46651
100
_a
Khalid, Abdul Aziz
245
_a
Kaluk Mauj
260
_a
_b
Presidio
_c
090
_c
29751
_d
29751
942
_a
NUST-CAE
_c
_c
21948
999
_c
281724
_d
281724